00317 a2200109 4500001001000000005001700010008004100027245003500068100001800103773006900121999001700190ART_1460720260410161912.0260409a 10aThe economic reform in Hungary1 aBalassa, Bela0 tEuropean economic reviewg- Vol. 11, NÂș 3 (oct. 1978)wREV13346 c26945d26945